00435nam a2200133Ia 4500008004100000020001500041050002300056100003200079245009200111260002700203300003500230650001600265650002000281120626s2001 cc a 000 0 spa d a9707060212 aE RJ506 bN64 2001 aNarvarte, Mariana E.eautor aTrastornos escolares b: Deteccion, diagnóstico y tratamientoc/ Mariana E. Navarrete aColombia b: Gilc2001 a316 páginasb: ilustraciones aPEDAGOGÍA aDEFICIT ESCOLAR